A-Team Intro Quiz Stats

Quiz Updated Jan 19, 2015

Challenge
Share
Tweet
Embed
Score 0/69 Timer 07:00
0 Plays Today
% Correct
a
98.7%
a
98.7%
a
98.7%
a
98.7%
a
98.7%
the
96.7%
the
96.7%
the
96.7%
you
82.9%
you
82.9%
you
82.8%
A-Team
80.7%
*Daaa da da daaa...Dun dun duuun...*
80.7%
they
80.4%
they
80.4%
can
79.4%
can
79.4%
can
79.4%
If
79.1%
if
79.1%
if
79.1%
In
78%
for
75.8%
and
75.6%
them...
74.6%
find
72.8%
to
69.8%
to
69.8%
crime
68.8%
of
68.5%
didn't
68.4%
commit.
68%
help...
66.2%
hire...
65.4%
no
64.1%
% Correct
one
61.5%
maybe
59.3%
prison
58.9%
have
58.1%
else
56.1%
problem...
55.4%
sent
55.4%
escaped
54.8%
1972,
54.4%
was
54.2%
from
52.1%
crack
51.1%
unit
51.1%
military
50.6%
as
50%
soldiers
50%
Los Angeles
48.3%
by
48.1%
by
48.1%
fortune.
47.6%
commando
46.1%
underground.
43.8%
court
43.5%
security
42.5%
men
41.1%
maximum
41%
These
36.4%
survive
34.7%
government,
33.6%
promptly
33.4%
wanted
33%
stockade
29%
Today,
28.5%
still
27.2%

You're not logged in!

Compare scores with friends on all Sporcle quizzes.
Sign Up with Email
OR
Log In

You Might Also Like...

Show Comments

Extras

Top Quizzes Today


Score Distribution

Your Account Isn't Verified!

In order to create a playlist on Sporcle, you need to verify the email address you used during registration. Go to your Sporcle Settings to finish the process.